Sahih Al-Bukhari : The translation of the meanings of Sahih Al-Bukhari (Arabic-English) Vol-4 (Record no. 61329)
[ view plain ]
| 000 -LEADER | |
|---|---|
| fixed length control field | 00780nam a22001937a 4500 |
| 003 - CONTROL NUMBER IDENTIFIER | |
| control field | NUST-PNEC |
| 005 - DATE AND TIME OF LATEST TRANSACTION | |
| control field | 20170116180720.0 |
| 008 - FIXED-LENGTH DATA ELEMENTS--GENERAL INFORMATION | |
| fixed length control field | 141024b xxu||||| |||| 00| 0 eng d |
| 020 ## - INTERNATIONAL STANDARD BOOK NUMBER | |
| International Standard Book Number | 8171510175 |
| 040 ## - CATALOGING SOURCE | |
| Transcribing agency | PNEC |
| 082 ## - DEWEY DECIMAL CLASSIFICATION NUMBER | |
| Classification number | 297.1241 BUK |
| 100 ## - MAIN ENTRY--PERSONAL NAME | |
| 9 (RLIN) | 811 |
| Personal name | Bukhari |
| 245 ## - TITLE STATEMENT | |
| Title | Sahih Al-Bukhari : The translation of the meanings of Sahih Al-Bukhari (Arabic-English) Vol-4 |
| Statement of responsibility, etc. | Dr. Muhammad Muhsin Khan |
| 260 ## - PUBLICATION, DISTRIBUTION, ETC. | |
| Place of publication, distribution, etc. | Lahore |
| Name of publisher, distributor, etc. | Kazi Publications |
| Date of publication, distribution, etc. | 1983 |
| 300 ## - PHYSICAL DESCRIPTION | |
| Extent | 538 p. : |
| Dimensions | 25 cm. |
| 500 ## - GENERAL NOTE | |
| General note | http://www.amazon.com/Translation-Meanings-Sahih-Al-Bukhari-Arabic-English/dp/8171510175/ref=sr_1_2?s=books&ie=UTF8&qid=1414155188&sr=1-2&keywords=The+Translation+of+the+Meanings+of+Sahih+Al-Bukhari+%28Arabic-English%2C+Volume+4 |
| 654 ## - SUBJECT ADDED ENTRY--FACETED TOPICAL TERMS | |
| General subdivision | Islam |
| -- | General |
| 942 ## - ADDED ENTRY ELEMENTS (KOHA) | |
| Source of classification or shelving scheme | |
| Koha item type | Book |
| Withdrawn status | Lost status | Source of classification or shelving scheme | Damaged status | Not for loan | Permanent Location | Current Location | Shelving location | Date acquired | Source of acquisition | Cost, normal purchase price | Total Checkouts | Full call number | Barcode | Date last seen | Cost, replacement price | Price effective from | Koha item type |
|---|---|---|---|---|---|---|---|---|---|---|---|---|---|---|---|---|---|
| Pakistan Navy Engineering College (PNEC) | Pakistan Navy Engineering College (PNEC) | Reference | 05/18/1985 | Royal Book Company | 1125.00 | 297.1241 BUK | PNECLIB-006292 | 10/24/2014 | 1125.00 | 05/18/1985 | Book |
